| 000 | 00472nam a2200157 i 4500 | ||
|---|---|---|---|
| 001 | 102071 | ||
| 003 | ES-MaACL | ||
| 005 | 20230906183035.0 | ||
| 007 | t| | ||
| 008 | 051103s1970 sp ||||1| spa d | ||
| 110 | 2 |
_aUniversidad de Granada. _97176 |
|
| 245 | 1 | 0 |
_aMemoria de los Colegios Mayores _b: Curso académico 1969-1970 / _cUniversidad de Granada. |
| 260 |
_aGranada : _bGráf. Sur, _c1970. |
||
| 300 |
_a102 p. ; _c27 cm. |
||
| 852 |
_aES-MaACL _jC-41369 _bR.75684 |
||
| 999 |
_c102071 _d102071 |
||